Biggest sources of immigrants to New York - Statistics

General Stats
  • This quiz has been taken 83 times
  • The average score is 7 of 10
Answer Stats
Hint Answer % Correct
146,955 India
92%
462,688 China
90%
219,146 Mexico
89%
63,022 Russia
75%
78,416 Italy
68%
122,494 Colombia
65%
88,656 Philippines
60%
82,663 Korea
58%
224,376 Jamaica
57%
101,743 El Salvador
46%
No matching quizzes found
Score Distribution
Percent of People with Each Score
Percentile by Number Answered
Your Score History
You have not taken this quiz